| 000 | 00368nam a2200109 4500 | ||
|---|---|---|---|
| 999 |
_c507572 _d507572 |
||
| 082 | _aO97065x54 F211/1979 | ||
| 100 |
_aIndia. Ministry of Health and Family Welfare _91977 |
||
| 245 |
_aFamily welfare programme in India: _byearbook, 1979-80 _cby Ministry of Health and Family Welfare |
||
| 260 |
_aNew Delhi _bGovernment of India _c1980 |
||
| 300 | _a200p. | ||
| 942 | _2ddc | ||